Focus sur: Bingon Sacquet - Tolkien - Statistiques

Statistiques générales
  • Ce quiz a été pris 9 fois
  • Le résultat moyen est 6 sur 15
Statistiques - réponses
Informations recherchées Réponses % Correct
Espèce Hobbit
89%
Première mention Le Hobbit
89%
Age durant lequel il vécut Troisième
89%
Contrée Comté
78%
Baggins
67%
Autres traductions du nom Bessac
67%
Autre traduction du prénom Bingo
56%
Bungon Sacquet
11%
Mère Laura Fouille
11%
Frères Longon Sacquet
11%
Père Mungon Sacquet
11%
Sœurs Belba Sacquet
0%
Epouse Chica Boulot
0%
Fils Falcon Boulot
0%
Linda Sacquet
0%
Aucun quiz correspondant
Distribution des résultats
% des personnes avec chaque résultat
Percentile par nombre de réponses
Votre historique - résultats
Vous n’avez pas pris ce quiz